000 00288nam a2200121Ia 4500
005 20251222143230.0
008 251222s9999||||xx |||||||||||||| ||spa||
082 _a449.901/C24
245 0 _aIdentidad Nacional del PerĂº
250 _a1ra.ed.
264 _bCimagraf, S.R.L.
942 _cLIB
999 _c14150
_d14150